El amor en la edad media : (Registro nro. 30890)
[ vista simple ]
| 000 -LEADER | |
|---|---|
| fixed length control field | 00773nam a22002297a 4500 |
| 003 - CONTROL NUMBER IDENTIFIER | |
| control field | OSt |
| 005 - DATE AND TIME OF LATEST TRANSACTION | |
| control field | 20250729103914.0 |
| 008 - FIXED-LENGTH DATA ELEMENTS--GENERAL INFORMATION | |
| fixed length control field | 241126b |||a|||| |||| 00| 0 spa d |
| 020 ## - INTERNATIONAL STANDARD BOOK NUMBER | |
| International Standard Book Number | 9788449321498 |
| 037 ## - SOURCE OF ACQUISITION | |
| Source of stock number/acquisition | Donación |
| 040 ## - CATALOGING SOURCE | |
| Original cataloging agency | CO-JMCR |
| Language of cataloging | spa |
| Transcribing agency | CO-JMCR |
| Modifying agency | CO-JMCR |
| Description conventions | rda |
| 041 1# - LANGUAGE CODE | |
| Language code of text/sound track or separate title | spa |
| Language code of original | fre |
| 082 04 - DEWEY DECIMAL CLASSIFICATION NUMBER | |
| Classification number | 177.7 |
| Item number | V48a |
| Edition number | 23 |
| 100 1# - MAIN ENTRY--PERSONAL NAME | |
| Personal name | Verdon, Jean, |
| 9 (RLIN) | 43919 |
| 245 13 - TITLE STATEMENT | |
| Title | El amor en la edad media : |
| Remainder of title | la carne, el sexo y el sentimiento / |
| Statement of responsibility, etc. | Jean Verdon; traducción Marta Pino Moreno. |
| 260 3# - PUBLICATION, DISTRIBUTION, ETC. | |
| Place of publication, distribution, etc. | Barcelona : |
| Name of publisher, distributor, etc. | Ediciones Paidós Ibérica, S.A., |
| Date of publication, distribution, etc. | 2008. |
| 300 ## - PHYSICAL DESCRIPTION | |
| Extent | 268 páginas ; |
| Dimensions | 24 cm. |
| 504 ## - BIBLIOGRAPHY, ETC. NOTE | |
| Bibliography, etc. note | Incluye bibliografía. |
| 534 ## - ORIGINAL VERSION NOTE | |
| Introductory phrase | Título original : |
| Title statement of original | L'amour au Moyen Age. |
| 700 1# - ADDED ENTRY--PERSONAL NAME | |
| Personal name | Pino Moreno, Marta, |
| Relator term | traductora |
| 9 (RLIN) | 43920 |
| 942 ## - ADDED ENTRY ELEMENTS (KOHA) | |
| Source of classification or shelving scheme | Dewey Decimal Classification |
| Koha item type | Books |
| Withdrawn status | Lost status | Source of classification or shelving scheme | Damaged status | Not for loan | Collection code | Home library | Current library | Shelving location | Date acquired | Source of acquisition | Total Checkouts | Full call number | Barcode | Date last seen | Copy number | Price effective from | Koha item type |
|---|---|---|---|---|---|---|---|---|---|---|---|---|---|---|---|---|---|
| Dewey Decimal Classification | Non-fiction | Biblioteca Pública José María del Castillo y Rada | Biblioteca Pública José María del Castillo y Rada | Book Cart | 08/31/2023 | Donación | 177.7 V48a | 201812433 | 11/26/2024 | Ej.1 | 11/26/2024 | Books |